Indian gods and goddesses (Record no. 1227165)

MARC details
000 -LEADER
fixed length control field 00623nam a2200229Ia 4500
005 - DATE AND TIME OF LATEST TRANSACTION
control field 20241129110049.0
008 - FIXED-LENGTH DATA ELEMENTS--GENERAL INFORMATION
fixed length control field 241129s9999||||xx |||||||||||||| ||und||
020 ## - INTERNATIONAL STANDARD BOOK NUMBER
International Standard Book Number 9788176464970
037 ## - SOURCE OF ACQUISITION
Stock number REF
040 ## - CATALOGING SOURCE
Original cataloging agency ARTS
Language of cataloging eng
Transcribing agency ARTS
041 ## - LANGUAGE CODE
Language code of text/sound track or separate title eng
Source of code eng
084 ## - COLON CLASSIFICATION NUMBER
Classification number Q2:31 R2.3(RR)
Assigning agency ARTS
100 ## - MAIN ENTRY--PERSONAL NAME
Personal name Nagar Shantilal Au.
245 #0 - TITLE STATEMENT
Title Indian gods and goddesses
Statement of responsibility, etc. Nagar Shantilal Au.
260 ## - PUBLICATION, DISTRIBUTION, ETC.
Place of publication, distribution, etc. Delhi, India
Name of publisher, distributor, etc. B.R. Publishing Corporation
Date of publication, distribution, etc. 2023
300 ## - PHYSICAL DESCRIPTION
Extent xx,280p.
365 ## - TRADE PRICE
Price type code INR
Price amount 4500
490 ## - SERIES STATEMENT
Volume/sequential designation V3
650 ## - SUBJECT ADDED ENTRY--TOPICAL TERM
Topical term or geographic name entry element Hinduism
942 ## - ADDED ENTRY ELEMENTS (KOHA)
Koha item type Reference
Classification part Q2:31 R2.3(RR)
Holdings
Withdrawn status Lost status Damaged status Not for loan Home library Current library Date acquired Source of acquisition Cost, normal purchase price Inventory number Total Checkouts Full call number Barcode Date last seen Price effective from Koha item type
        Arts Library Arts Library 2024-11-29 Ansh Book International 4500.00 IN-00041 & 20/12/2023   Q2:31 R2.3(RR) AL1803198 2024-11-29 2024-11-29 Reference
Copyright @ Delhi University Library System